000
00305nam a22001097a 4500
999
_c
197229
_d
197229
008
230818b ||||| |||| 00| 0 eng d
022
_a
2456-4397
245
_a
Anthology The Research
260
_a
Kanpur
_b
Social Research Foundation
_c
2023
300
_a
Vol 7; Issue. 12
_c
27cm.
942
_2
ddc
_c
SR
_m
ANT
_s
1